00733nam a2200217Ia 4500003000900000008004100009040001300050040001300063041000800076100002400084100001200108245004100120250002500161260001800186260000900204300000900213300001200222490003300234490000600267600024200273IT-RoPAU120407s9999 xx 000 0 und d aIT-RoPAU cIT-RoPAU aita aAugustinus Aurelius csanctus aCommento al Vangelo di San Giovanni. aGrottaferrata (Roma) aCittà Nuova c1968 b1889 c23.5 cm aNuova biblioteca agostiniana v1 aTesto latino dall’ed. maurina ripresa dal Corpus christianorum, intro e indici a cura di Agostino Vita, trad. e note di Emilio Gandolfo, rev. di Vincenzo Tarulli. Testo latino dall’edizione maurina, intro. e trad. di Giulio Madurini